00509nam a2200169 a 450000500170000000800410001702000150005805000250007310000160009824500460011426000620016030000290022252100080025165000360025965000230029570000210031820140310183428.0080109s19uu xx 00 eng d a8174764569 aLC 4031b.Ad244 2005 aAdvani, Lal aYou and your special child. /cLal Advani aNew Delhi :bUBS Publishers Distributors PVT. Ltd,c2005. a334 p. :bill. ;c21 cm. aEDU aPeole with mental disabilities. aSpecial education. aChadha, Anupriya